<?xml version="1.0" encoding="UTF-8"?>
<collection xmlns="http://www.loc.gov/MARC21/slim">
<record>
  <controlfield tag="001">153734</controlfield>
  <controlfield tag="005">20250509153733.0</controlfield>
  <datafield tag="020" ind1=" " ind2=" ">
    <subfield code="a">978-84-10169-57-9</subfield>
  </datafield>
  <datafield tag="024" ind1="7" ind2=" ">
    <subfield code="2">doi</subfield>
    <subfield code="a">10.26754/uz.978-84-10169-57-9</subfield>
  </datafield>
  <datafield tag="037" ind1=" " ind2=" ">
    <subfield code="a">BOOK-2025-360</subfield>
  </datafield>
  <datafield tag="041" ind1=" " ind2=" ">
    <subfield code="a">spa</subfield>
  </datafield>
  <datafield tag="100" ind1=" " ind2=" ">
    <subfield code="a">Caeiro Rodríguez, Martín, coord.</subfield>
  </datafield>
  <datafield tag="245" ind1=" " ind2=" ">
    <subfield code="a">Instalaciones arteducadoras I: espacios situados para aprender jugando</subfield>
  </datafield>
  <datafield tag="260" ind1=" " ind2=" ">
    <subfield code="a">Zaragoza</subfield>
    <subfield code="b">Servicio de Publicaciones de la Universidad de Zaragoza. Departamento de Expresión Musical, Plástica y Corporal (Facultad de Educación)</subfield>
    <subfield code="c">2025</subfield>
  </datafield>
  <datafield tag="300" ind1=" " ind2=" ">
    <subfield code="a">99</subfield>
  </datafield>
  <datafield tag="520" ind1=" " ind2=" ">
    <subfield code="a">El espacio también ejerce una influencia significativa en el aprendizaje y ha sido objeto de diferentes consideraciones en la historia de la educación denominándose como: “ambiente”, “tercer maestro”, “rincones”. En el contexto de la educación artística, el espacio físico del aula convencional o cualquier entorno donde se desarrollen experiencias arteducadoras es considerado como un elemento fundamental para el diseño e implementación de actividades situadas. La instalación artística en su contacto con la educación ha pasado de ser un género artístico contemporáneo a un método específico para enseñar y aprender en educación artística. La instalación, como método arteducador está arraigada en las particularidades del pensamiento y conocimiento artístico y la forma en la que el arte trabaja tanto con elementos de lo real (el espacio, los objetos, los materiales, los contextos, las acciones) como con representaciones, simbolizaciones y metáforas. Los educadores artísticos y las educadoras artísticas han trabajado con instalaciones en las diferentes etapas educativas, utilizándolas en base a planteamientos diversos: por su “función simbólica vinculada al juego”, por ser “arte instalado”, por favorecer la “cognición situada”, por producirse en un “modelo dialógico” o por poner en práctica una “pedagogía relacional”. La instalación artística hace suyos espacios singulares, por su valor para aportar un ambiente único de aprendizaje. Cada instalación gira en torno a un tema concreto, una idea propia, una situación particular ideada para enseñar y aprender, para que ocurran experiencias artísticas en las que lo procesual, lo cognitivo y afectivo se enlazan en torno a acciones e interacciones generadas en un espacio determinado concebido para vivenciar, experimentar, explorar. Cada instalación arteducadora propone, idea y sensibiliza una experiencia de aprendizaje diferente.</subfield>
  </datafield>
  <datafield tag="856" ind1="0" ind2=" ">
    <subfield code="f">amorato@unizar.es</subfield>
  </datafield>
  <datafield tag="856" ind1="4" ind2=" ">
    <subfield code="s">130542282</subfield>
    <subfield code="u">http://zaguan.unizar.es/record/153734/files/BOOK-2025-360.pdf</subfield>
    <subfield code="z">Texto completo</subfield>
  </datafield>
  <datafield tag="909" ind1="C" ind2="O">
    <subfield code="o">oai:zaguan.unizar.es:153734</subfield>
    <subfield code="p">books</subfield>
  </datafield>
  <datafield tag="980" ind1=" " ind2=" ">
    <subfield code="a">BOOK</subfield>
    <subfield code="b">PRENSASUZ</subfield>
  </datafield>
  <datafield tag="540" ind1=" " ind2=" ">
    <subfield code="9">info:eu-repo/semantics/openAccess</subfield>
  </datafield>
  <datafield tag="700" ind1=" " ind2=" ">
    <subfield code="a">Enfedaque Sancho, María</subfield>
  </datafield>
  <datafield tag="700" ind1=" " ind2=" ">
    <subfield code="a">Fuentes Cid, Sara</subfield>
  </datafield>
  <datafield tag="700" ind1=" " ind2=" ">
    <subfield code="a">Zarzoso López, Pedro José</subfield>
  </datafield>
  <datafield tag="700" ind1=" " ind2=" ">
    <subfield code="a">Fayos Bosch, Leticia</subfield>
  </datafield>
  <datafield tag="506" ind1=" " ind2=" ">
    <subfield code="a">by-nc-nd</subfield>
  </datafield>
</record>
</collection>